书目信息 |
| 题名: |
局域网组建和管理入门与提高
|
|
| 作者: | 金刚善 主编 ;包英捷 , 赵博 , 侯波等 编著 | |
| 分册: | ||
| 出版信息: | 北京 人民邮电出版社 2004.4 |
|
| 页数: | 389页 | |
| 开本: | 26cm | |
| 丛书名: | ||
| 单 册: | ||
| 中图分类: | TP393.1 | |
| 科图分类: | ||
| 主题词: | 局部区域网络--ju bu qu yu wang luo--基本知识 , 局部区域网络--ju bu qu yu wang luo | |
| 电子资源: | ||
| ISBN: | 7-115-12175-3 | |
| 000 | 01206nam0 2200325 450 | |
| 000 | 01290nam0 2200337 450 | |
| 000 | 01253nam0 2200325 450 | |
| 000 | 01236nam0 2200325 450 | |
| 000 | 01199nam0 2200313 45 | |
| 001 | 012004111340 | |
| 005 | 20040519101010.0 | |
| 010 | @a7-115-12175-3@dCNY36.00 | |
| 100 | @a20040519d2004 em y0chiy0121 ea | |
| 101 | 0 | @achi |
| 102 | @aCN@b110000 | |
| 105 | @af z 000yy | |
| 200 | 1 | @a局域网组建和管理入门与提高@Aju yu wang zu jian he guan li ru men yu ti gao@f金刚善主编@g包英捷,赵博,侯波等编著 |
| 210 | @a北京@c人民邮电出版社@d2004.4 | |
| 215 | @a389页@c图@d26cm | |
| 330 | @a本书考虑到组网人员必备的网络知识,并联系局域网组件与管理的实际需要,通过通俗易懂的讲解,系统介绍了几个比较经典局域网的网络集成技术以及方案设计方法。 | |
| 333 | @a阅读对象:局域网组建技术学习者、专业网络人员 | |
| 606 | 0 | @a局部区域网络@Aju bu qu yu wang luo@x基本知识 |
| 606 | 0 | @a局部区域网络@Aju bu qu yu wang luo |
| 690 | @aTP393.1@v4 | |
| 701 | 0 | @a金刚善@Ajin gang shan@4主编 |
| 702 | 0 | @a包英捷@Abao ying jie@4编著 |
| 702 | 0 | @a赵博@Azhao bo@4编著 |
| 702 | 0 | @a侯波等@Ahou bo deng@4编著 |
| 801 | 0 | @aCN@bSRXX@c20040519 |
| 905 | @a10447@dTP393.1@eJ760 | |
| 局域网组建和管理入门与提高/金刚善主编/包英捷,赵博,侯波等编著.-北京:人民邮电出版社,2004.4 |
| 389页:图;26cm |
| 使用对象:阅读对象:局域网组建技术学习者、专业网络人员 |
| ISBN 7-115-12175-3:CNY36.00 |
| 本书考虑到组网人员必备的网络知识,并联系局域网组件与管理的实际需要,通过通俗易懂的讲解,系统介绍了几个比较经典局域网的网络集成技术以及方案设计方法。 |
| ● |
| 相关链接 |
|
|
|
正题名:局域网组建和管理入门与提高
索取号:TP393.1/J760
 
预约/预借
| 序号 | 登录号 | 条形码 | 馆藏地/架位号 | 状态 | 备注 |
| 1 | 541765 | 205417654 | 自科库301/301自科库 132排2列2层/ [索取号:TP393.1/J760] | 在馆 | |
| 2 | 541766 | 205417663 | 自科库301/301自科库 132排2列2层/ [索取号:TP393.1/J760] | 在馆 | |
| 3 | 541767 | 205417672 | 自科二线404/301自科库 129排1列5层/ [索取号:TP393.1/J760] | 在馆 |